Cómo poner fin a la pobreza /
Guardado en:
| Autor principal: | |
|---|---|
| Formato: | Texto |
| Materias: | |
| Etiquetas: |
Agregar Etiqueta
Sin Etiquetas, Sea el primero en etiquetar este registro!
|
MARC
| LEADER | 00000 a a2200000 04500 | ||
|---|---|---|---|
| 001 | 11836 | ||
| 003 | |||
| 040 | |||
| 100 | |a Shiva, Vandana | ||
| 245 | |a Cómo poner fin a la pobreza / |c Vandana Shiva | ||
| 650 | |a POBREZA | ||
| 650 | |a CULTURA | ||
| 650 | |a TEORIA SOCIAL | ||
| 773 | |g número 124; páginas 6-8 | ||
| 999 | |c 33042 |d 33042 | ||
